Normal view
MARC view
- CENTRIFUGAL PUMPS DESIGN AND APPLICATIONS
Entry Topical Term
001 - CONTROL NUMBER
- control field: 76163
003 - CONTROL NUMBER IDENTIFIER
- control field: NUST
005 - DATE AND TIME OF LATEST TRANSACTION
- control field: 20210628205606.0
008 - FIXED-LENGTH DATA ELEMENTS
- fixed length control field: 210628|| aca||aabn | a|a d
040 ## - CATALOGING SOURCE
- Original cataloging agency: NUST
- Transcribing agency: NUST
150 ## - HEADING--TOPICAL TERM
- Topical term or geographic name entry element: CENTRIFUGAL PUMPS DESIGN AND APPLICATIONS
670 ## - SOURCE DATA FOUND
- Source citation: Work cat.: (NUST): Ross, Robert R Lobanoff, Val S 76162, Centrifugal pumps design and applications, 1996
